000
00223nam a2200097Ia 4500
005
20251222175818.0
008
251222s9999||||xx |||||||||||||| ||spa||
082
_a
DVD0070/A19
245
0
_a
El erizo:Le Hérisson
942
_c
DVD
999
_c
40376
_d
40376